000 01441cac a2200373 i 4500
003 EG-GICUC
005 20260121101634.0
008 031208s2005 caua frb 001 0 eng d
020 _a0534629644
020 _a9780534629649
040 _aDLC
_cDLC
_dDLC
_dEG-GICUC
_beng
_erda
043 _an-us---
050 0 0 _aHV9950
_b.C6 2005
082 0 4 _a343.3.073
_221
092 0 4 _221
099 _aLaw 10 2005
100 1 _aCole, George F.,
_d1935-
245 1 0 _aCriminal justice in America /
_cGeorge F. Cole, Christopher E. Smith.
250 _a4th edition.
264 _aBelmont, CA :
_bWadsworth Thomson Learning,
_c2005.
300 _axxv, 398 pages :
_billustrations (chiefly color) ;
_c28 cm
336 _atext
_btxt
_2rdacontent
337 _aunmediated
_bn
_2rdamedia
338 _avolume
_bnc
_2rdacarrier
504 _aIncludes bibliographical references (p. 362-373) and indexes.
650 0 _aCriminal justice, Administration of
_zUnited States.
700 1 _aSmith, Christopher E.
856 4 2 _uhttps://fll.law.cu.edu.eg/fulltext/bks/ENGB10-00137.pdf
856 4 2 _3Contributor biographical information
_uhttp://www.loc.gov/catdir/enhancements/fy1103/2003116251-b.html
856 4 2 _3Publisher description
_uhttp://www.loc.gov/catdir/enhancements/fy1103/2003116251-d.html
856 4 1 _3Table of contents only
_uhttp://www.loc.gov/catdir/enhancements/fy1103/2003116251-t.html
905 _a10
942 _2ddc
_cBK
_e21
_n0
999 _c53786
_d53786